000 00675nam a2200193 a 4500
001 000027713
005 20200930031034.0
008 110404s2004 dr 000 0 spa d
040 _aDO-SdBNP
_bspa
_cBNPHU
082 _axxxx
_bH557q
100 1 _aHernández, Julio
_954787
245 1 0 _aA quien pueda interesar /
_cJulio Hernández, Maniocatex Hernández Rosario ; prólogo Margarita Corporán.
260 _aSanto Domingo :
_bGraficarf,
_c[20--?].
300 _a72 p. ;
_c18 cm.
590 _aLa biblioteca posee 1 ejemplar autografiado por el autor
700 1 _aHernández Rosario, Maniocatex
_954788
700 1 _aCorporán, Margarita,
_epról.
_954789
049 _aBNPD
999 _c27205
_d27205